Horror Movies That Are Only One Word Long - Statistics

General Stats
  • This quiz has been taken 83 times
  • The average score is 16 of 60
Answer Stats
Release Date Director Answer % Correct
1979 John Carpenter Halloween
87%
1960 Alfred Hitchcock Psycho
81%
1979 Ridley Scott Alien
76%
1997 Wes Craven Scream
76%
2004 James Wan Saw
70%
2019 Jordan Peele Us
64%
2017 Andy Muschietti It
57%
1975 Steven Spielberg Jaws
57%
2022 Jordan Peele Nope
52%
2019 Ari Aster Midsommar
48%
1931 Tod Browning Dracula
45%
1987 Clive Barker Hellraiser
45%
1976 Brian De Palmer Carrie
40%
2019 Tate Taylor Ma
39%
1922 F.W Murnau Nosferatu
39%
2022 Ti West X
33%
2021 M. Night Shyamalan Old
31%
1977 Dario Argento Suspiria
31%
2018 Damien Leone Terrifier
31%
1990 Rob Reiner Misery
30%
1983 Lewis Teague Cujo
24%
2020 Rob Savage Host
24%
2011 James Wan Insidious
24%
1982 Tobe Hooper Poltergeist
24%
1987 John McTiernan Predator
24%
2025 Ryan Coogler Sinners
24%
2017 M. Night Shyamalan Split
24%
1984 Joe Dante Gremlins
21%
2024 Oz Perkins Longlegs
21%
2001 Hideo Nakata Ringu
21%
2006 James Gunn Slither
21%
1954 Gordan Douglas Them!
21%
2022 Parker Finn Smile
19%
2023 Eli Roth Thanksgiving
19%
2022 Zach Cregger Barbarian
18%
2024 Matt Bettinelli-Olpin , Tyler Gillett Abigail
16%
1977 Nobuhiko Ôbayashi House
16%
2009 Jaume Collet-Serra Orphan
16%
1962 Bernard Rose Candyman
13%
2015 Patrick Brice Creep
13%
1954 Ishirô Honda Godzilla
13%
2023 Gerard Johnstone M3gan
13%
1990 Ron Underwood Tremors
13%
2018 Alex Garland Annihilation
12%
1999 Vincenzo Natali Cube
12%
2008 Matt Reeves Cloverfield
10%
2019 Scott Beck and Bryan Woods Haunt
10%
2007 Jaume Balagueró, Paco Plaza Rec
10%
2018 Leigh Whannel Upgrade
9%
2009 Ruben Fleischer Zombieland
9%
1931 James Whale Frankenstien
7%
2022 Mimi Cave Fresh
7%
2007 Adam Green Hatchet
7%
2018 Panos Cosmatos Mandy
6%
1980 William Lustig Maniac!
6%
2015 Levan Gabriadze Unfriended
6%
2020 Christopher Landon Freaky
4%
2024 Kyle Mooney Y2K
4%
2018 Ari Aster Heriditary
3%
1997 Robert Kurtzman Wishmaster
3%
No matching quizzes found
Score Distribution
Percent of People with Each Score
Percentile by Number Answered
Your Score History
You have not taken this quiz